| 000 | 01075cam a22002653a 4500 | ||
|---|---|---|---|
| 001 | 18191 | ||
| 003 | PGUSA | ||
| 005 | 20140828083403.0 | ||
| 008 | 060417s2006||||xxu|||||s|||||000 | eng d | ||
| 040 |
_aPGUSA _beng |
||
| 042 | _adc | ||
| 050 | 4 | _aBL | |
| 100 | 1 |
_aLightfoot, Joseph Barber, _d1828-1889 |
|
| 245 | 1 | 0 |
_aEssays on the work entitled "Supernatural Religion" _h[electronic resource] / _cJoseph Barber Lightfoot |
| 260 |
_bProject Gutenberg, _c2006 |
||
| 505 | 0 | _aIntroduction -- The silence of Eusebius -- The Ignatian epistles -- Polycarp of Smyrna -- Papias of Hierapolis. I, II -- The later school of St. John -- The churches of Gaul -- Tatian's Diatessaron -- Discoveries illustrating the Acts of the Apostles. | |
| 506 | _aPublic domain in the USA. | ||
| 516 | _aElectronic text | ||
| 653 | _aFathers of the church | ||
| 653 | _aCassels, Walter Richard, 1826-1907. Supernatural religion | ||
| 653 | _aApologetics -- History -- 19th century | ||
| 830 | 0 |
_aProject Gutenberg _v18191 |
|
| 856 | 4 | 0 | _uhttp://www.gutenberg.org/ebooks/18191 |
| 942 | _cEB | ||
| 999 |
_c247446 _d247446 |
||